The stain on the moon / (Record no. 4355)

MARC details
000 -LEADER
fixed length control field 00577cam a2200217 4500
001 - CONTROL NUMBER
control field 5194
005 - DATE AND TIME OF LATEST TRANSACTION
control field 20181127175004.0
008 - FIXED-LENGTH DATA ELEMENTS--GENERAL INFORMATION
fixed length control field 111122s2011 bt 000 1 eng
010 ## - LIBRARY OF CONGRESS CONTROL NUMBER
LC control number 2011351040
020 ## - INTERNATIONAL STANDARD BOOK NUMBER
International Standard Book Number 9789993683704
042 ## - AUTHENTICATION CODE
Authentication code lcode
100 1# - MAIN ENTRY--PERSONAL NAME
Personal name Dorji, D. W.
245 14 - TITLE STATEMENT
Title The stain on the moon /
Statement of responsibility, etc. D.W. Dorji.
264 #1 - PRODUCTION, PUBLICATION, DISTRIBUTION, MANUFACTURE, AND COPYRIGHT NOTICE
Place of production, publication, distribution, manufacture [Thimphu] :
Name of producer, publisher, distributor, manufacturer [publisher not known],
Date of production, publication, distribution, manufacture, or copyright notice 2011.
300 ## - PHYSICAL DESCRIPTION
Extent 121 pages ;
Dimensions 16 cm
336 ## - CONTENT TYPE
Content type term text
Source rdacontent
337 ## - MEDIA TYPE
Media type term unmediated
Source rdamedia
338 ## - CARRIER TYPE
Carrier type term volume
Source rdacarrier
500 ## - GENERAL NOTE
General note Novel.
Holdings
Withdrawn status Lost status Source of classification or shelving scheme Damaged status Not for loan Collection code Home library Current library Shelving location Date acquired Serial Enumeration / chronology Inventory number Total Checkouts Total Renewals Full call number Barcode Date last seen Date last checked out Price effective from Koha item type
    Dewey Decimal Classification     Main TEST RTC Library RTC Library Main opac 08/09/2022 8472 3 3 895.1 DOR 30009467 12/09/2022 08/09/2022 27/11/2018 Main
Royal Thimphu College || All Right Reserved